Consumer culture and postmodernism (Record no. 137781)

MARC details
000 -LEADER
fixed length control field 00754nam a2200241Ia 4500
008 - FIXED-LENGTH DATA ELEMENTS--GENERAL INFORMATION
fixed length control field 191130s2007##################000#0#eng##
020 ## - INTERNATIONAL STANDARD BOOK NUMBER
ISBN 9781412910149
082 ## - DEWEY DECIMAL CLASSIFICATION NUMBER
Classification number 306.42 PEA
100 ## - MAIN ENTRY--AUTHOR NAME
Personal name Featherstone, Mike
245 ## - TITLE STATEMENT
Title Consumer culture and postmodernism
Statement of responsibility, etc Mike Featherstone
250 ## - EDITION STATEMENT
Edition statement 2nd ed
260 ## - PUBLICATION, DISTRIBUTION, ETC. (IMPRINT)
Place of publication Thousand Oaks, CA
Name of publisher SAGE Publications
Year of publication 2007
300 ## - PHYSICAL DESCRIPTION
Number of Pages xxvii, 203 p. ; 24 cm
500 ## - GENERAL NOTE
General note Includes bibliographical references (p. [182]-197) and index
650 ## - SUBJECT ADDED ENTRY--TOPICAL TERM
Topical Term Consumers - History - 20th century
Topical Term Popular culture - History - 20th century
Topical Term Postmodernism
991 ## -
-- 198788
Holdings
Withdrawn status Lost status Damaged status Not for loan Home library Current library Shelving location Date acquired Full call number Accession Number Price effective from Koha item type
        Anna Centenary Library Anna Centenary Library 3RD FLOOR, B WING 12.10.2020 306.42 PEA 162271 12.10.2020 English Books

Find us on the map